[Event "AUTO-INT-1848"]
[Site "http://www.queenalice.com/game.php?id=848053"]
[Date "2010.10.19"]
[Round "1"]
[White "MarcosT"]
[Black "demonsword"]
[Result "1-0"]
[WhiteElo "1719"]
[BlackElo "1693"]

1. e4 e5 2. Bc4 g6 3. Nc3 a6 4. a4 Nc6 5. Qf3 f6 6. d3 Nd4 7. Qd1 Ne7 8. Nf3
Nec6 9. Nxd4 Nxd4 10. O-O Bb4 11. Nd5 a5 12. c3 Bc5 13. cxd4 Bxd4 14. Rb1 c6 15.
Bh6 cxd5 16. Bxd5 Qb6 17. b3 g5 18. Qh5+ Kd8 19. Qf7 d6 20. Qxf6+ Kd7 21. Qg7+
1-0

[Event "AUTO-INT-1848"]
[Site "http://www.queenalice.com/game.php?id=848054"]
[Date "2010.10.19"]
[Round "1"]
[White "demonsword"]
[Black "MarcosT"]
[Result "0-1"]
[WhiteElo "1662"]
[BlackElo "1725"]

1. e4 e5 2. d4 exd4 3. Qxd4 Nc6 4. Qe3 Nf6 5. e5 Nd5 6. Qe4 Nde7 7. Bd3 d5 8.
Qe2 Be6 9. f4 Nf5 10. Nd2 Be7 11. g3 Ncd4 12. Qf2 O-O 13. Kd1 c5 14. c3 Nc6 15.
Ngf3 h6 16. a3 d4 17. Nxd4 cxd4 18. cxd4 Nfxd4 19. b4 Nb3 20. Nxb3 Bxb3+ 21. Kd2
Bc4 22. Qe3 a5 23. Bb2 axb4 24. a4 g5 25. Rhf1 gxf4 26. gxf4 Na5 27. Rad1 Nb3+
28. Ke2 Bxd3+ 29. Rxd3 Qc8 30. Rxb3 Qc2+ 31. Kf3 Qc6+ 32. Kf2 Qc2+ 33. Kf3 Qc6+
34. Ke2 Qa6+ 35. Kf3 Qxf1+ 36. Qf2 Qxf2+ 37. Kxf2 Rxa4 38. Kg3 Kh7 39. Kg4 Rg8+
40. Kf5 Rg2 0-1

[Event "AUTO-INT-1889"]
[Site "http://www.queenalice.com/game.php?id=867209"]
[Date "2010.12.3"]
[Round "1"]
[White "zemorais"]
[Black "demonsword"]
[Result "1-0"]
[WhiteElo "1849"]
[BlackElo "1674"]

1. e4 e5 2. Nf3 d6 3. Bc4 Be6 4. Bxe6 fxe6 5. O-O g6 6. d3 c5 7. Bg5 Be7 8. Bxe7
Nxe7 9. Ng5 Qd7 10. Nd2 h6 11. Nh3 Nbc6 12. c3 b5 13. Qg4 h5 14. Qe2 O-O-O 15.
Ng5 Ng8 16. Ndf3 a5 17. Nh4 Nh6 18. Nxg6 Rhg8 19. Qxh5 Nf7 20. Nf3 Qe8 21. Ngh4
Nh8 22. Qxe8 Rdxe8 23. a3 a4 24. g3 d5 25. exd5 exd5 26. Nf5 Nf7 27. Rae1 c4 28.
d4 1-0

[Event "AUTO-INT-1889"]
[Site "http://www.queenalice.com/game.php?id=867210"]
[Date "2010.12.3"]
[Round "1"]
[White "demonsword"]
[Black "zemorais"]
[Result "0-1"]
[WhiteElo "1665"]
[BlackElo "1858"]

1. d4 Nf6 2. d5 d6 3. c4 g6 4. Nc3 Bg7 5. Nf3 O-O 6. e4 Bg4 7. Be2 Nbd7 8. h3
Bxf3 9. Bxf3 c6 10. a3 c5 11. a4 Ne5 12. a5 Nxc4 13. a6 b5 14. Ra2 b4 15. Ne2
Nd7 16. b3 Nce5 17. g4 Nxf3+ 18. Kf1 Nde5 19. Bf4 h6 20. Bxe5 Nxe5 21. f4 Nd7
22. Qd3 Nf6 23. Ng3 Nd7 24. h4 f6 25. h5 g5 26. f5 Ne5 27. Qe2 Qb6 0-1

[Event "AUTO-INT-1889"]
[Site "http://www.queenalice.com/game.php?id=867221"]
[Date "2010.12.3"]
[Round "1"]
[White "jocapeme"]
[Black "demonsword"]
[Result "1-0"]
[WhiteElo "1529"]
[BlackElo "1720"]

1. e4 e5 2. Nf3 f6 3. Bc4 Ne7 4. Nc3 a6 5. d3 b5 6. Bb3 Nbc6 7. Nd5 Nxd5 8. Bxd5
Bb7 9. Be3 g5 10. Qd2 g4 11. Nh4 a5 12. Nf5 h5 13. d4 exd4 14. Bxd4 Nxd4 15.
Nxd4 c6 16. Nxb5 cxd5 17. exd5 d6 18. Qe2+ Be7 19. O-O-O Ba6 20. Rd4 Bxb5 21. c4
Bd7 22. Re1 Rb8 23. Re4 Rh7 24. b3 f5 25. Rf4 1-0

[Event "AUTO-INT-1889"]
[Site "http://www.queenalice.com/game.php?id=867222"]
[Date "2010.12.3"]
[Round "1"]
[White "demonsword"]
[Black "jocapeme"]
[Result "0-1"]
[WhiteElo "1696"]
[BlackElo "1553"]

1. d4 d5 2. f3 Nc6 3. c3 Nf6 4. g4 g6 5. e3 Bg7 6. g5 Ng8 7. f4 f6 8. h4 Bf5 9.
b4 Qd7 10. Bh3 O-O-O 11. b5 Nb8 12. a4 e6 13. Nd2 a6 14. c4 Ne7 15. c5 axb5 16.
a5 Na6 17. Bxf5 Nxf5 18. Ngf3 Ng3 19. Rg1 Ne4 20. gxf6 Bxf6 21. Ng5 h6 22. Ngxe4
dxe4 23. Nxe4 Qf7 24. Bb2 Bxh4+ 0-1

[Event "AUTO-INT-1889"]
[Site "http://www.queenalice.com/game.php?id=867227"]
[Date "2010.12.3"]
[Round "1"]
[White "Duendemalefyco"]
[Black "demonsword"]
[Result "1-0"]
[WhiteElo "1826"]
[BlackElo "1701"]

1. e4 e5 2. Nf3 Nf6 3. Nxe5 Nxe4 4. d4 d6 5. Nf3 d5 6. Bd3 g6 7. O-O c5 8. c4
cxd4 9. cxd5 Qxd5 10. Bxe4 Qxe4 11. Re1 Qxe1+ 12. Qxe1+ Be6 13. Nxd4 Nd7 14.
Nxe6 fxe6 15. Qxe6+ Be7 16. Bg5 1-0

[Event "AUTO-INT-1889"]
[Site "http://www.queenalice.com/game.php?id=867228"]
[Date "2010.12.3"]
[Round "1"]
[White "demonsword"]
[Black "Duendemalefyco"]
[Result "1-0"]
[WhiteElo "1709"]
[BlackElo "1579"]

1. e4 c6 2. d4 d5 3. e5 Bf5 4. f4 e6 5. g4 Qh4+ 6. Kd2 Qf2+ 7. Ne2 Bxg4 8. h3
Bf3 9. Rg1 Bxe2 10. Bxe2 Qxd4+ 11. Ke1 Qxg1+ 12. Kd2 Qxd1+ 13. Kxd1 Ne7 14. Nd2
Nf5 15. Nf3 c5 16. c3 1-0

[Event "AUTO-INT-1965"]
[Site "http://www.queenalice.com/game.php?id=905682"]
[Date "2011.2.26"]
[Round "1"]
[White "demonsword"]
[Black "cucalegal"]
[Result "0-1"]
[WhiteElo "1671"]
[BlackElo "1609"]

1. e4 e5 2. d3 Nc6 3. f4 Nd4 4. fxe5 d5 5. c3 Nc6 6. Nd2 d4 7. c4 Nxe5 8. Ndf3
Nxf3+ 9. Nxf3 Bc5 10. a3 Bg4 11. h3 Bxf3 12. Qxf3 Qf6 13. Qxf6 Nxf6 14. b4 Bd6
15. c5 Bg3+ 16. Ke2 O-O 17. Bb2 Rad8 18. Kf3 Be5 19. g3 g5 20. g4 c6 21. a4 Nd7
22. Bg2 Kh8 23. Ba3 a6 24. a5 Bf6 25. Rae1 Ne5+ 26. Ke2 Nd7 27. Rhf1 Be5 28. Kf2
Bf4 29. Kf3 Ne5+ 30. Kf2 Nxd3+ 31. Ke2 Nxe1 32. Kxe1 d3 33. Kd1 Rd4 34. Bh1 d2
35. Bb2 Rd8 36. Bc3 f6 37. Rf2 Rd3 38. Rf3 Kg8 0-1

[Event "AUTO-INT-1965"]
[Site "http://www.queenalice.com/game.php?id=905683"]
[Date "2011.2.26"]
[Round "1"]
[White "cucalegal"]
[Black "demonsword"]
[Result "1-0"]
[WhiteElo "1627"]
[BlackElo "1653"]

1. Nf3 d6 2. d4 f6 3. d5 c5 4. Nc3 e5 5. e4 g5 6. Bb5+ Bd7 7. Bxd7+ Nxd7 8. Nd2
h5 9. a4 a5 10. Nb5 b6 11. Nf3 g4 12. Nd2 Bg7 13. Nxd6+ Kf8 14. Nf5 Nh6 15. Nxg7
Kxg7 16. f3 gxf3 17. Qxf3 Nf7 18. Qg3+ Kf8 19. Nf3 Rg8 20. Qh3 Ng5 21. Nxg5 fxg5
22. Qxh5 Nb8 23. Qh6+ Rg7 24. Qh8+ Rg8 25. Rf1+ Ke7 26. Qxe5+ Kd7 27. Rf7+ Kc8
28. Rc7+ Qxc7 29. d6 Qg7 30. Qe7 Nd7 31. Qe6 Ra7 32. Be3 Kd8 33. Qb3 g4 34. g3
Ne5 35. Qxb6+ Kd7 36. Qxc5 Nc6 37. Qf5+ Kxd6 38. Qd5+ Kc7 39. Bf4+ 1-0

[Event "AUTO-INT-1965"]
[Site "http://www.queenalice.com/game.php?id=905684"]
[Date "2011.2.26"]
[Round "1"]
[White "demonsword"]
[Black "vindaloo"]
[Result "0-1"]
[WhiteElo "1657"]
[BlackElo "1858"]

1. e4 c5 2. e5 e6 3. f4 Nc6 4. Nf3 d6 5. exd6 Bxd6 6. g3 Nf6 7. c3 Qc7 8. Bg2 e5
9. f5 Bxf5 10. d3 O-O-O 11. Nbd2 Bxd3 12. Nb3 e4 13. Ng5 Rhe8 14. Nxf7 Qxf7 15.
Kf2 e3+ 16. Bxe3 Ng4+ 17. Kg1 Rxe3 18. Nd2 Qf2# 0-1

[Event "AUTO-INT-2085"]
[Site "http://www.queenalice.com/game.php?id=959561"]
[Date "2011.7.12"]
[Round "1"]
[White "daddyrat"]
[Black "demonsword"]
[Result "1-0"]
[WhiteElo "1709"]
[BlackElo "1616"]

1. e4 e5 2. Nf3 f6 3. d4 d6 4. dxe5 fxe5 5. h3 h6 6. Nc3 Ne7 7. Be3 Nd7 8. Bb5
c6 9. Bc4 Nb6 10. Bb3 c5 11. Nb5 Ng6 12. Bd5 Nf4 13. O-O a6 14. Nc3 g5 15. Nh2
Be6 16. Bxb7 Ra7 17. Bd5 Bxd5 18. Nxd5 Nbxd5 19. exd5 Bg7 20. Rb1 a5 21. c4 a4
22. a3 O-O 23. b4 cxb4 24. Bxa7 1-0

[Event "AUTO-INT-2085"]
[Site "http://www.queenalice.com/game.php?id=959579"]
[Date "2011.7.12"]
[Round "1"]
[White "demonsword"]
[Black "tio_revas"]
[Result "0-1"]
[WhiteElo "1636"]
[BlackElo "1530"]

1. d4 d5 2. c3 Nf6 3. e3 Nc6 4. f4 Ne4 5. g3 h5 6. Nh3 Bxh3 7. Bxh3 e6 8. f5 e5
9. g4 Qh4+ 10. Ke2 Qxh3 11. Kd3 Nf2+ 12. Kc2 Nxd1 13. Rxd1 Qg2+ 14. Nd2 Qxh2 15.
b4 hxg4 16. b5 Na5 17. dxe5 Qxe5 18. Rf1 g3 19. Bb2 Rh2 0-1